000 00754nam a2200241 i 4500
001 77571
003 ES-MaACL
005 20250924063027.0
007 t|
008 041021s1999 sp ||||1| spa d
020 _a84-95359-03-0
080 _a821.134.2-14"19"
100 1 _aMasoliver Ródenas, Juan Antonio,
_d1939-
_978751
245 1 0 _aPoesía reunida /
_cJuan Antonio Masoliver Ródenas ; presentación de Andrés Sánchez Robayna.
250 _a1ª ed.
260 _aBarcelona :
_bEl Acantilado,
_c1999.
300 _a399 p. ;
_c22 cm.
490 1 _aAcantilado ;
_v14
700 1 _aSánchez Robayna, Andrés.
_9102879
830 0 _aAcantilado ;
_v14
_9182222
852 _aES-MaACL
_jL-28331
_bR.134255
999 _c77571
_d77571